00545nam a2200169Ia 4500003000900000008004100009020001800050040001600068080001900084100002100103245014100124260003700265300001500302650001600317700002000333700002200353IN-BaIIA211028s9999 xx 000 0 eng d a81-208-1420-7 cIIA Library a[8]:01:00bPAT aPatwardhan, K. S 0aLilavati of Bhaskaracaryaba treatise of mathematics of vedic traditioncK. S. Patwardhan and S. A. Naimpally; translated by S. L. Singh aDelhibMotilal Banarsidassc2001 axxv, 201p. aMathematics aNaimpally, S. A aSingh, S. L., tr.